<?xml version="1.0" encoding="UTF-8" ?>
<collection xmlns="http://www.loc.gov/MARC21/slim"><record><leader>01084nam a2200277   4500</leader><controlfield tag="001">207342</controlfield><controlfield tag="003">CH-000273-5</controlfield><controlfield tag="005">20201221114039.0</controlfield><datafield tag="035" ind1=" " ind2=" "><subfield code="a">(OCoLC)1131775891</subfield></datafield><datafield tag="040" ind1=" " ind2=" "><subfield code="a">CH-000273-5</subfield><subfield code="b">ger</subfield><subfield code="e">rda</subfield></datafield><datafield tag="041" ind1=" " ind2=" "><subfield code="a">fre</subfield></datafield><datafield tag="100" ind1="2" ind2="0"><subfield code="a">Ganz Edwin</subfield><subfield code="d">1871-1948</subfield><subfield code="e">Verfasser</subfield><subfield code="4">aut</subfield></datafield><datafield tag="245" ind1="0" ind2="0"><subfield code="a">Brief, Meysse 19 Octobre 32.</subfield><subfield code="b">Cher directeur. ...</subfield><subfield code="c">Recevez Je vous prie cher Directeur, l&apos;expression de mes meilleurs sentiments. Edwin Ganz</subfield></datafield><datafield tag="264" ind1=" " ind2=" "><subfield code="a">Meysse</subfield><subfield code="c">1932</subfield></datafield><datafield tag="300" ind1=" " ind2=" "><subfield code="a">1 Blatt</subfield><subfield code="c">27,8 x 21,2 cm</subfield><subfield code="e">1 Beilage</subfield></datafield><datafield tag="336" ind1=" " ind2=" "><subfield code="a">Text</subfield><subfield code="b">txt</subfield><subfield code="2">rdacontent</subfield></datafield><datafield tag="337" ind1=" " ind2=" "><subfield code="a">ohne Hilfsmittel zu benutzen</subfield><subfield code="b">n</subfield><subfield code="2">rdamedia</subfield></datafield><datafield tag="338" ind1=" " ind2=" "><subfield code="a">Blatt</subfield><subfield code="b">nb</subfield><subfield code="2">rdacarrier</subfield></datafield><datafield tag="501" ind1=" " ind2=" "><subfield code="a">Kopie Brief des Kunsthauses an Ganz vom 18. Oktober</subfield></datafield><datafield tag="600" ind1="1" ind2="7"><subfield code="a">Ganz, Edwin</subfield><subfield code="d">1871-1948</subfield><subfield code="x">Brief</subfield><subfield code="x">Manuskript</subfield><subfield code="2">gnd</subfield></datafield><datafield tag="610" ind1="2" ind2="7"><subfield code="a">Kunsthaus Zürich</subfield><subfield code="x">Ausstellung</subfield><subfield code="x">Geschäftsbrief</subfield><subfield code="2">gnd</subfield></datafield><datafield tag="655" ind1="0" ind2="7"><subfield code="a">Manuskript</subfield><subfield code="2">gnd</subfield></datafield><datafield tag="655" ind1="0" ind2="7"><subfield code="a">Brief</subfield><subfield code="2">gnd</subfield></datafield><datafield tag="710" ind1="2" ind2="0"><subfield code="a">Kunsthaus Zürich</subfield><subfield code="e">Adressat</subfield><subfield code="4">rcp</subfield></datafield><datafield tag="852" ind1="4" ind2="0"><subfield code="a">CH-000273-5</subfield><subfield code="c">10.30.30.178.ganz.19321019</subfield></datafield><datafield tag="856" ind1="4" ind2="1"><subfield code="u">https://digital.kunsthaus.ch/viewer/image/207342/1/</subfield><subfield code="y">Kunsthaus Zürich Sammlungen Online</subfield></datafield></record></collection>